000 00509nam a2200181Ia 4500
008 100920s9999 xx 000 0 und d
082 _b37817
_a891.461 थ 77
100 _aओक सुनेत्रा.
245 _aचेतसी.
260 _bसु-शमा प्रकाशन,औरंगाबाद.
_c1977
300 _a60
_bसाधी
365 _b6
520 _aपदय.
630 _aचेतसी.
650 _aपदय.
730 _aचेतसी.
942 _cBOOK
999 _c690182
_d690179